| Tag |
First Indicator |
Second Indicator |
Subfields |
| LEADER |
00000cam a2200000 4500 |
| 001 |
in00000034562 |
| 005 |
20151007061942.0 |
| 008 |
721212s1947 nyu 00000 eng u |
| 010 |
|
|
|a 47004861
|
| 035 |
|
|
|a (OCoLC)00512290
|
| 035 |
|
|
|9 AAD3570AM
|
| 040 |
|
|
|c ASC
|d TXA
|d UtOrBLW
|
| 049 |
|
|
|a TXAM
|c [195640]
|
| 050 |
0 |
0 |
|a PS3531.A852
|b L5
|
| 082 |
0 |
|
|a 818.5
|
| 092 |
|
|
|a 818
|b P324
|
| 100 |
1 |
|
|a Paul, Elliot,
|d 1891-1958.
|
| 245 |
1 |
0 |
|a Linden on the Saugus Branch.
|
| 264 |
|
1 |
|a New York :
|b Random House,
|c [1947]
|
| 300 |
|
|
|a 5 ., 3-401 pages ;
|c 22 cm.
|
| 336 |
|
|
|a text
|b txt
|2 rdacontent
|
| 337 |
|
|
|a unmediated
|b n
|2 rdamedia
|
| 338 |
|
|
|a volume
|b nc
|2 rdacarrier
|
| 490 |
0 |
|
|a His Items on the grand account
|
| 999 |
|
|
|a MARS
|
| 999 |
f |
f |
|s 3a424322-955a-30ba-83ac-90ce672ed98c
|i 343cf612-db83-32cc-b9d2-8e83f392c762
|t 0
|
| 952 |
f |
f |
|p ric
|a Texas A&M University
|b Rellis Campus
|c Joint Library Facility
|d Remote Storage
|t 0
|e PS3531.A852 L5
|h Library of Congress classification
|i unmediated -- volume
|m A14801265074
|
| 998 |
f |
f |
|a PS3531.A852 L5
|t 0
|l Remote Storage
|